<?xml version="1.0" encoding="UTF-8"?>
<marc:record xmlns:marc="http://www.loc.gov/MARC21/slim">
   <marc:leader>00000nam a2200000 a 4500</marc:leader>
   <marc:datafield ind1="1" ind2=" " tag="100">
      <marc:subfield code="a">Huber, Gerhard</marc:subfield>
      <marc:subfield code="4">aut</marc:subfield>
      <marc:subfield code="e">Verfasser/-in</marc:subfield>
   </marc:datafield>
   <marc:datafield ind1="0" ind2="0" tag="245">
      <marc:subfield code="a">Dem Burnout und der Depression entkommen</marc:subfield>
   </marc:datafield>
   <marc:datafield ind1="0" ind2="0" tag="245">
      <marc:subfield code="b">Leben gefunden!</marc:subfield>
   </marc:datafield>
   <marc:datafield ind1="0" ind2="0" tag="245">
      <marc:subfield code="c">Gerhard Huber</marc:subfield>
   </marc:datafield>
   <marc:datafield ind1=" " ind2="1" tag="264">
      <marc:subfield code="b">Huber</marc:subfield>
      <marc:subfield code="c">2010</marc:subfield>
   </marc:datafield>
   <marc:datafield ind1="1" ind2=" " tag="520">
      <marc:subfield code="a">Dieses Buch ist als nahtlose Fortsetzung meines 1. mit dem Titel "Burnout - Depressionen Fluch oder Segen - auf der Suche nach meinem Leben" gedacht und es ist auch diesmal wieder kein Ratgeber geworden. Ich will auch diesmal wieder niemandem sagen, was er oder sie tun soll oder nicht, was falsch und was richtig ist. Ich berichte hier wiederum nur von meinen eigenen, weiteren Erfahrungen, die mir persönlich Wissen und Erkenntnis, aber auch Heilung und letztendlich ein vollkommen neues Leben gebracht haben, unabhängig davon, was jeder Einzelne für sich dabei herausnehmen möchte, es bleibt auch hier wieder jedem selbst überlassen. Und schließlich war es auch das so viele und motivierende Feedback, welches ich auf das erste Buch erhalten habe.</marc:subfield>
   </marc:datafield>
   <marc:datafield ind1=" " ind2=" " tag="020">
      <marc:subfield code="a">9783200018648</marc:subfield>
      <marc:subfield code="9">9783200018648</marc:subfield>
   </marc:datafield>
   <marc:datafield ind1=" " ind2=" " tag="020">
      <marc:subfield code="a">320001864X</marc:subfield>
      <marc:subfield code="9">320001864X</marc:subfield>
   </marc:datafield>
   <marc:datafield ind1=" " ind2=" " tag="300">
      <marc:subfield code="a">184 S.</marc:subfield>
   </marc:datafield>
</marc:record>
